|
|
|
|
| LEADER |
01080nta a2200241 i 4500 |
| 001 |
dokt515 |
| 005 |
20190705142449.0 |
| 008 |
100427s2010 hu om 0|| eng d |
| 024 |
7 |
|
|a 30731339
|2 mtmt
|
| 040 |
|
|
|a SZTE Doktori Repozitórium
|b hun
|
| 041 |
|
|
|a eng
|
| 100 |
1 |
|
|a Gosztolya Gábor
|
| 245 |
1 |
0 |
|a Improving Speed and Accuracy in Automatic Speech Recognition
|h [elektronikus dokumentum] /
|c Gosztolya Gábor
|
| 246 |
1 |
0 |
|a Sebesség és pontosság javítása automatikus beszédfelismerés során
|h [elektronikus dokumentum]
|
| 260 |
|
|
|c 2010-09-24
|
| 502 |
|
|
|a Disszertacio
|
| 650 |
|
4 |
|a informatikai tudományok
|
| 650 |
|
4 |
|a Számítás- és információtudomány
|
| 700 |
0 |
1 |
|a Csirik János
|e ths
|
| 700 |
0 |
1 |
|a Kocsor András
|e ths
|
| 856 |
4 |
0 |
|u https://doktori.bibl.u-szeged.hu/id/eprint/515/1/PhD_Thesis_%28Gosztolya%29.pdf
|z Dokumentum-elérés
|
| 856 |
4 |
0 |
|u https://doktori.bibl.u-szeged.hu/id/eprint/515/3/Booklet_HU_%28Gosztolya%29.pdf
|z Dokumentum-elérés
|
| 856 |
4 |
0 |
|u https://doktori.bibl.u-szeged.hu/id/eprint/515/2/Booklet_ENG_%28Gosztolya%29.pdf
|z Dokumentum-elérés
|